|
|
|
|
| LEADER |
00000nam a2200000 a 4500 |
| 001 |
vtls008954350 |
| 003 |
SK-MaSNL |
| 005 |
20260301023000.0 |
| 008 |
240313s2006 xo o g 000 0 slo |
| 015 |
|
|
|a SNBA2007/05-01652
|
| 020 |
|
|
|a 8096897748
|q (viaz.)
|
| 035 |
|
|
|a 5FF8A233-2A6A-4132-BCFE-65F286295325
|
| 035 |
|
|
|a urn:nbn:sk:snk-amla4k
|
| 035 |
|
|
|a urn:nbn:sk:snk-am008qw4
|
| 040 |
|
|
|a SNK
|b slo
|c SNK
|e AACR2
|
| 041 |
0 |
|
|a slo
|
| 044 |
|
|
|a xo
|c SK
|
| 072 |
|
7 |
|a 639.1
|x Poľovníctvo
|2 konspekt
|
| 080 |
|
|
|a 639.1.081.98
|2 2001
|
| 080 |
|
|
|a (048.8)
|2 2001
|
| 080 |
|
|
|a 639.1
|2 2001
|
| 080 |
|
|
|a 639.1.081
|2 2001
|
| 100 |
1 |
|
|a Letošťák, Ľudovít,
|d 1940-
|4 aut
|9 100032
|
| 245 |
1 |
0 |
|a Vábenie zveri - vábničky
|b zvukové prejavy - Hlasy poľovnej zveri - Návody na vábenie - Prehľad rôznych vábničiek
|c Ľudovít Letošťák, Karol Mihalko, František Stoličný
|
| 250 |
|
|
|a 1. vyd.
|
| 260 |
|
|
|a [Spišská Nová Ves]
|b Bambow
|c 2006
|
| 300 |
|
|
|a 127 s.
|b fotogr. (prevažne fareb.)
|c 24 cm
|
| 500 |
|
|
|a Fareb. fotogr. na front.
|
| 650 |
0 |
7 |
|a vábenie zveri
|2 SNKPH
|9 314561
|
| 650 |
0 |
7 |
|a vábničky
|2 SNKPH
|9 314562
|
| 650 |
0 |
7 |
|a lov zveri
|2 SNKPH
|9 2772
|
| 650 |
0 |
7 |
|a Hunting
|2 SNKPHeng
|9 265411
|
| 650 |
0 |
7 |
|a Lure of animals
|2 SNKPHeng
|9 100993
|
| 655 |
|
7 |
|a monografie
|2 SNKPH
|9 70139
|
| 655 |
|
7 |
|a Monographs
|2 SNKPH
|9 120675
|
| 700 |
1 |
|
|a Mihalko, Karol,
|d 1959-
|4 aut
|9 100033
|
| 700 |
1 |
|
|a Stoličný, František,
|d 1936-
|4 aut
|9 314563
|
| 919 |
|
|
|a 80-968977-4-8
|
| 958 |
|
|
|a OND
|
| 968 |
|
|
|d 63
|
| 999 |
|
|
|c 568305
|d 570235
|
| 952 |
|
|
|a SNK
|b SNK
|y PREZ
|7 0
|p 17A0544132
|o snkSC 127088
|i snk2007/6888
|8 0
|0 0
|1 0
|4 0
|d 2007-03-12
|f 1
|l 0
|r 2025-06-16 00:00:00
|w 2026-02-23
|
| 952 |
|
|
|a SNK
|b SNK
|y VYP
|7 0
|p 17A1023475
|o snkSC 127088 D1
|i snk2007/6889
|8 0
|0 0
|1 0
|4 0
|d 2007-03-12
|l 0
|r 2026-02-23 14:05:12
|w 2026-02-23
|